Itálie : Automapa : Nejzajímavější turistické cíle

Další autoři: Línová, Lydie
Jazyk: Němčina
Italština
Francouzština
Angličtina
Čeština
Vydáno: Praha : Kartografie, 1993
Vydání: 1. vyd.
Témata:
Fyzický popis: 1 list. 53 x 96 cm
Mapy
Uloženo v:
LEADER 01163nem a2200337 a 4500
001 000004293
003 CZ BrMZK
005 20050715103841.0
007 a c
008 931004s1993 xr XX 1 eng d
015 |a cnb000096974 
020 |a 80-7011-206-9  |c 30.00 
040 |a BOA001  |b cze 
041 1 |a eng  |a cze  |a fre  |a ita  |a ger 
043 |a e-it--- 
072 7 |a 913(4)  |x Geografie Evropy, reálie, cestování  |2 Konspekt  |9 7 
080 |a 913(450)  |2 MRF 
080 |a 912.43:656.1  |2 MRF 
080 |a (084.3)  |2 MRF 
245 0 0 |a Itálie :  |b Automapa : Nejzajímavější turistické cíle  |h [kartografický dokument] /  |c Odp. red. Lydie Línová 
250 |a 1. vyd. 
255 |a Měř. 1:1.000.000 
260 |a Praha :  |b Kartografie,  |c 1993 
300 |a 1 list. 53 x 96 cm 
500 |a Barev. slož. oboustr. mp. s vícejaz. náz. a vysvětl., s doplň. mp., pl. a rejstř. míst 
655 7 |a automapy  |7 fd131856  |2 czenas 
651 7 |a Itálie  |7 ge129398  |2 czenas 
700 1 |a Línová, Lydie 
910 |a BOA001  |b Mp4-0993.096 
990 |a MP 
996 6 |b 2610002743  |c Mp4-0993.096  |l MZK  |r Sklad / do 1 hodiny  |n 10  |p p.v.  |w 000004293  |u 000010  |a 1  |e BOA001  |j MZK50  |s P